000 00608nam a22001937a 4500
999 _c4495
_d4495
003 AR-CdUCM
008 190308b ||||| |||| 00| 0 spa d
040 _aMUNICIPALIDAD PROVINCIAL DEL CUSCO
_cBIBLIOTECA MUNICIPAL DEL CUSCO
082 _a869.56 /
_bH41
100 _aHeraud, Javier
_92783
245 _aPoesías completas y homenaje /
260 _aLima :
_bEdiciones de La Rama Florida,
_c1964.
300 _a242 páginas ;
_c17.5 cm.
650 _aPoesía peruana
_9806
650 _aSiglo XX - Poetas
_914116
650 _aJavier Heraud - Homenaje
_914117
942 _2ddc
_cLIBROS
945 _alccs